000 00205 a2200097 4500
020 _a9789992471647
041 _aspa
100 _aDario ruben
245 _aCuentos de los misterio y suspenso
942 _cBK
999 _c10107
_d10107